| 000 | 00827nam a2200241 i 4500 | ||
|---|---|---|---|
| 001 | 135238 | ||
| 003 | ES-MaACL | ||
| 005 | 20230906194834.0 | ||
| 007 | t| | ||
| 008 | 070712s1963 mx |||| | spa d | ||
| 080 | _a342.34(73) | ||
| 080 | _a321.7(73) | ||
| 100 | 1 |
_aTocqueville, Alexis de. _9110392 |
|
| 245 | 1 | 3 |
_aLa democracia en América / _cAlexis de Tocqueville ; prefacio, notas y bibliografía de J.P. Mayer ; introducción de Enrique González Pedrero ; traducción de Luis R. Cuéllar. |
| 250 | _a2ª ed. | ||
| 260 |
_aMéxico : _bFondo de Cultura Económica, _c1963. |
||
| 300 |
_a751 p. ; _c24 cm. |
||
| 650 | 0 | 4 |
_aDemocracia- _zEstados Unidos. _911567 |
| 700 | 1 |
_aMayer, J. P. _979356 |
|
| 700 | 1 |
_aGonzález Pedrero, Enrique. _958866 |
|
| 700 | 1 |
_aCuellar, Luis R. _941979 |
|
| 852 |
_aES-MaACL _jC-24597 |
||
| 999 |
_c135238 _d135238 |
||